[Event "IECC CL5-2003.06 email"]
[Site "IECC email"]
[Date "2003.03.04"]
[Round "?"]
[White "Dvoinikov, Andrey Nikolaevich"]
[Black "Hensey, Niall"]
[Result "1-0"]
[WhiteElo "1512"]
[BlackElo "1443"]
[PlyCount "61"]
[EventDate "2003.??.??"]
[EventType "tourn (corr)"]
[EventRounds "4"]
[SourceTitle "Corr 2008"]
[Source "ChessBase"]
[SourceDate "2008.06.24"]
[SourceVersion "1"]
[SourceVersionDate "2008.06.24"]
[SourceQuality "1"]

1. e4 e5 2. Nf3 Nc6 3. Bb5 a6 4. Ba4 Nf6 5. 0-0 Be7 6. Re1 b5 7. Bb3 0-0 8. c3 d5 9. exd5 Nxd5 10. Nxe5 Nxe5 11. Rxe5 c6 12. d4 Bd6 13. Re1 Qh4 14. g3 Qh3 15. Be3 Nf6 16. Qf3 Bb7 17. Nd2 Rab8 18. Ne4 Nxe4 19. Qxe4 Rfd8 20. Qf3 Rd7 21. Bc2 g6 22. Bg5 f5 23. Bb3+ Kg7 24. Be6 Rc7 25. Bf4 Rd8 26. Bxd6 Rxd6 27. Qf4 c5 28. f3 Rcc6 29. d5 Rb6 30. a4 bxa4 31. Rxa4 1-0

[Event "IECC CL5-2002.12"]
[Site "IECC email"]
[Date "2002.06.18"]
[Round "?"]
[White "Daigle, Sylvain"]
[Black "Hensey, Niall"]
[Result "0-1"]
[WhiteElo "1442"]
[BlackElo "1441"]
[PlyCount "59"]
[EventDate "2002.??.??"]
[EventType "tourn (corr)"]
[EventRounds "4"]
[SourceTitle "Corr 2008"]
[Source "ChessBase"]
[SourceDate "2008.06.24"]
[SourceVersion "1"]
[SourceVersionDate "2008.06.24"]
[SourceQuality "1"]

1. d4 Nf6 2. c4 e6 3. Bg5 h6 4. Bxf6 Qxf6 5. Nf3 Bb4+ 6. Nc3 0-0 7. e4 Nc6 8. Rc1 e5 9. a3 Be7 10. Nd5 Qg6 11. Nxe7+ Nxe7 12. Qc2 exd4 13. Nxd4 Nc6 14. Nb5 Re8 15. f3 Re5 16. Nxc7 Rb8 17. Bd3 Nd4 18. Qf2 d6 19. Qxd4 Qxg2 20. Qf2 Rg5 21. Qxg2 Rxg2 22. Rc2 Bh3 23. Rf2 Rc8 24. Nb5 d5 25. exd5 Re8+ 26. Be2 Re3 27. Nxa7 Rg5 28. f4 Rg6 29. Kd2 Re8 30. Re1 0-1

[Event "IECC M email"]
[Site "IECC email"]
[Date "2002.06.15"]
[Round "?"]
[White "Hensey, Niall"]
[Black "Garnier, Patrick"]
[Result "1-0"]
[WhiteElo "1401"]
[BlackElo "1511"]
[PlyCount "59"]
[EventDate "2002.??.??"]
[EventType "tourn (corr)"]
[EventRounds "6"]
[SourceTitle "Corr 2008"]
[Source "ChessBase"]
[SourceDate "2008.06.24"]
[SourceVersion "1"]
[SourceVersionDate "2008.06.24"]
[SourceQuality "1"]

1. d4 d5 2. c4 c6 3. Nf3 Nf6 4. Nc3 dxc4 5. e4 b5 6. Be2 Nbd7 7. b4 e6 8. a3 Be7 9. e5 Nd5 10. Nxd5 cxd5 11. 0-0 0-0 12. Be3 Bb7 13. Rc1 a5 14. Bd2 axb4 15. axb4 f6 16. Bc3 Qc7 17. Qd2 Nb6 18. Qf4 Bc6 19. Bd2 Bd7 20. Qg4 Kh8 21. Nh4 fxe5 22. Rc3 exd4 23. Rg3 Bf6 24. f4 e5 25. f5 c3 26. Bh6 gxh6 27. Ng6+ hxg6 28. Qxg6 Be8 29. Qxh6+ Qh7 30. Qxf8+ 1-0

[Event "IECC CL5-2002.05"]
[Site "IECC email"]
[Date "2002.03.05"]
[Round "?"]
[White "Hensey, Niall"]
[Black "Harrell, Bruce B"]
[Result "0-1"]
[WhiteElo "1414"]
[BlackElo "1485"]
[PlyCount "104"]
[EventDate "2002.??.??"]
[EventType "tourn (corr)"]
[EventRounds "4"]
[SourceTitle "Corr 2008"]
[Source "ChessBase"]
[SourceDate "2008.06.24"]
[SourceVersion "1"]
[SourceVersionDate "2008.06.24"]
[SourceQuality "1"]

1. e4 e5 2. Nf3 Nf6 3. Nc3 Nc6 4. Bc4 Nxe4 5. Bxf7+ Kxf7 6. Nxe4 d5 7. Neg5+ Kg8 8. d3 h6 9. Nh3 Bxh3 10. gxh3 Qf6 11. Bd2 Kh7 12. Qe2 Bd6 13. 0-0-0 Rhf8 14. Ne1 Nd4 15. Qg4 Qxf2 16. Kb1 Rf5 17. Rg1 Rg8 18. Rg2 Qf1 19. Qg6+ Kh8 20. Bxh6 Rf7 21. Bg5 Rgf8 22. Rg4 Rd7 23. Rh4+ Kg8 24. Qh7+ Kf7 25. Qh5+ Kg8 26. Qh7+ Kf7 27. Rg4 Ke8 28. c3 Nf3 29. Qg6+ Rff7 30. Qe6+ Kf8 31. Bh4 Nxe1 32. Bxe1 Qe2 33. Kc1 Qe3+ 34. Kb1 Qe2 35. Kc1 Qe3+ 36. Kc2 Qxh3 37. Bg3 Rde7 38. Qg6 Rf6 39. Qg5 Ref7 40. Rd2 Qh6 41. Bxe5 Qxg5 42. Bxd6+ Rxd6 43. Rxg5 c6 44. Re2 Rdf6 45. Rge5 g6 46. h4 Rf2 47. d4 Rxe2+ 48. Rxe2 Kg7 49. Rh2 Kh6 50. Kd2 Rf4 51. Ke3 Rg4 52. h5 gxh5 0-1

[Event "IECC KO email"]
[Site "IECC email"]
[Date "2001.10.23"]
[Round "?"]
[White "Hensey, Niall"]
[Black "Jasinski, Jim"]
[Result "0-1"]
[WhiteElo "1584"]
[BlackElo "1598"]
[PlyCount "80"]
[EventDate "2001.??.??"]
[EventType "tourn (corr)"]
[EventRounds "6"]
[SourceTitle "Corr 2008"]
[Source "ChessBase"]
[SourceDate "2008.06.24"]
[SourceVersion "1"]
[SourceVersionDate "2008.06.24"]
[SourceQuality "1"]

1. d4 d5 2. Nf3 Nf6 3. Nc3 e6 4. e3 Nbd7 5. Ne5 Bd6 6. Bd3 Nxe5 7. dxe5 Bxe5 8. Ne2 c5 9. Bb5+ Bd7 10. Bxd7+ Qxd7 11. c3 0-0 12. 0-0 Rfd8 13. g3 b5 14. a4 a6 15. Nf4 Qe7 16. Nd3 Bd6 17. b3 c4 18. bxc4 bxc4 19. Nb4 Bxb4 20. cxb4 Qxb4 21. Ba3 Qc3 22. Be7 Rdb8 23. Rb1 Ne4 24. Rc1 Qd2 25. Qxd2 Nxd2 26. Rfd1 Rb2 27. Bd6 Ne4 28. Be5 Rxf2 29. Rb1 f6 30. Bd4 Rc8 31. Rdc1 e5 32. Bb2 Rf3 33. Re1 Rb8 34. Ba3 Rxb1 35. Rxb1 Rxe3 36. Bc1 Re1+ 37. Kg2 c3 38. Rb8+ Kf7 39. Rb7+ Ke6 40. Rxg7 Rxc1 0-1

[Event "IECC KO email"]
[Site "IECC email"]
[Date "2001.10.23"]
[Round "?"]
[White "Jasinski, Jim"]
[Black "Hensey, Niall"]
[Result "1-0"]
[WhiteElo "1582"]
[BlackElo "1600"]
[PlyCount "81"]
[EventDate "2001.??.??"]
[EventType "tourn (corr)"]
[EventRounds "6"]
[SourceTitle "Corr 2008"]
[Source "ChessBase"]
[SourceDate "2008.06.24"]
[SourceVersion "1"]
[SourceVersionDate "2008.06.24"]
[SourceQuality "1"]

1. c4 e5 2. d4 Nc6 3. d5 Nce7 4. e4 d6 5. Bd3 c5 6. Nf3 Ng6 7. h3 Be7 8. 0-0 Nf6 9. Nc3 Bd7 10. Bd2 h6 11. a3 b6 12. b4 Qc8 13. bxc5 bxc5 14. Rb1 Nh5 15. Bc2 0-0 16. Ba4 Bxh3 17. gxh3 Qxh3 18. Ne1 Ngf4 19. Qf3 Qh4 20. Ng2 Qh3 21. Qxh3 Nxh3+ 22. Kh2 Ng5 23. Bxg5 Bxg5 24. Bc6 Rad8 25. Rb7 f5 26. Rxa7 f4 27. f3 Ng3 28. Rb1 Rf6 29. Nb5 Rg6 30. Nc7 Ne2 31. Ra8 Rxa8 32. Bxa8 Nd4 33. Rb8+ Kh7 34. Ne1 Bh4 35. Ne6 Bg3+ 36. Kh3 Nxe6 37. dxe6 Rxe6 38. Nd3 Re7 39. a4 g5 40. Rd8 Ra7 41. Bc6 1-0